Popular participation in rural development (Record no. 130030)
[ view plain ]
| 000 -LEADER | |
|---|---|
| fixed length control field | 00568nam a22001577a 4500 |
| 008 - FIXED-LENGTH DATA ELEMENTS--GENERAL INFORMATION | |
| fixed length control field | 191114b ||||| |||| 00| 0 eng d |
| 050 ## - LIBRARY OF CONGRESS CALL NUMBER | |
| Classification number | HD2131.Z955 |
| Item number | H452 |
| 100 ## - MAIN ENTRY--PERSONAL NAME | |
| Personal name | Hedenquist, Jan-Anders |
| 9 (RLIN) | 48665 |
| 245 ## - TITLE STATEMENT | |
| Title | Popular participation in rural development |
| Remainder of title | the masase project in Zimbabwe |
| Statement of responsibility, etc | Jan-Anders Hedenquist |
| 260 ## - PUBLICATION, DISTRIBUTION, ETC. (IMPRINT) | |
| Place of publication, distribution, etc | Stockholm |
| Name of publisher, distributor, etc | University of Stockholm |
| Date of publication, distribution, etc | 1989 |
| 300 ## - PHYSICAL DESCRIPTION | |
| Extent | ii, 74p. ; |
| Dimensions | 30cm. |
| 440 ## - SERIES STATEMENT/ADDED ENTRY--TITLE | |
| Title | Working paper |
| Number of part/section of a work | 5 |
| 9 (RLIN) | 48666 |
| 650 ## - SUBJECT ADDED ENTRY--TOPICAL TERM | |
| Topical term or geographic name as entry element | Rural development |
| Geographic subdivision | Zimbabwe |
| 9 (RLIN) | 47393 |
| 650 ## - SUBJECT ADDED ENTRY--TOPICAL TERM | |
| Topical term or geographic name as entry element | Masase project (Zimbabwe) |
| 9 (RLIN) | 48667 |
| 942 ## - ADDED ENTRY ELEMENTS (KOHA) | |
| Source of classification or shelving scheme | Library of Congress Classification |
| Item type | Monograph ( Printed materials) |
| Withdrawn status | Lost status | Source of classification or shelving scheme | Damaged status | Not for loan | Collection code | Home library | Current library | Shelving location | Date acquired | Total Checkouts | Full call number | Barcode | Date last seen | Price effective from | Koha item type |
|---|---|---|---|---|---|---|---|---|---|---|---|---|---|---|---|
| Library of Congress Classification | Main Collection | ARRUPE LIBRARY | ARRUPE LIBRARY | Main Collection | 14/11/2019 | HD2131.Z955 H452 | 46600005842 | 14/11/2019 | 14/11/2019 | Monograph ( Printed materials) |